000 00751nam a2200229 a 4500
999 _c3587
_d3587
001 3587
003 BD-JhCC
005 20171115122934.0
008 171115s ben |||| |||| 001 0 ben d
020 _a984074349X
035 _a(BD-JhCC) 3587
040 _aBD-JhCC
_dBD-JhCC
041 _aben
082 _a891.442
_bISL 2003
100 _aইসলাম, সাইফুল
245 _aরবীন্দ্রনাথের নাটক চেতনালোক ও শিল্পরুপ /
_cসাইফুল ইসলাম
260 _aঢাকা :
_bবাংলা একাডেমী,
_c২০০৩.
300 _a২৬৮ পৃ. :
_c২১ সেমি.
650 _aBengali Drama
942 _2ddc
_cBK